• 首页
  • 本馆介绍
  • 公告通知
  • 最新文献
  • 馆藏检索
  • 电子资源
  • 读者导购
  • 参考咨询
  • 我的图书馆
  • 登录
  • 详细信息显示
  • 放入我的书架
  • 预约/预借图书
  • 作者相关作品
  • 分类相关作品
  • 丛书相关作品
  • 出版社相关作品

书目信息

  • 表格格式
  • 工作单格式
  • 卡片格式
题名:
《巴黎手稿》开创的人类学哲学及其后续发展
    
 
作者: 苗启明 著
分册:  
出版信息: 北京   中国社会科学出版社  2017
页数: 336页
开本: 24cm
丛书名:
单 册:
中图分类: A811.21 , B0-0 , B089.3
科图分类:
主题词: 马克思主义哲学--哲学人类学--研究
电子资源:
ISBN: 978-7-5161-9887-2
000 01563nam0 2200313 450
001 012001003358
005 20140926114740.0
010    @a978-7-5161-9887-2@dCNY82.00
100    @a20170905d2017 em y0chiy50 ea
101 0  @achi
102    @aCN@b110000
105    @ay az 000yy
106    @ar
200 1  @a《巴黎手稿》开创的人类学哲学及其后续发展@9《ba li shou gao》kai chuang de ren lei xue zhe xue ji qi hou xu fa zhan@dAnthropology philosophy pioneered by paris manuscripts and its subsequent development@f苗启明著@zeng
210    @a北京@c中国社会科学出版社@d2017
215    @a336页@d24cm
300    @a国家社科基金后期资助项目
314    @a苗启明,男,河南省济源市人。1964年毕业于云南大学中文系,1984年考入云南省社会科学院。
320    @a有书目(第332-334页)
330    @a本书以作者提出的对马克思哲学的人类学哲学的新理解解读《巴黎手稿》。以《巴黎手稿》为中心,对马克思一生的人类学哲学思想做了系统梳理,认为《巴黎手稿》在黑格尔和费尔巴哈哲学的基础上构建了人类学哲学的一系列原理,而此后的文献发展了人类学哲学的基本理论。并站在人类学价值立场上,从经济学与人类学的双重理论视野出发,研究了人和人类世界的现实迫切问题和历史基本问题,提出了人类学共产主义的解决方向。
510 1  @aThropology philosophy pioneered by paris manuscripts and its subsequent development@zeng
605    @a《巴黎手稿》@x哲学人类学@x马克思著作研究
606 0  @a马克思主义哲学@x哲学人类学@x研究
690    @aA811.21@v5
690    @aB0-0@v5
690    @aB089.3@v5
701  0 @a苗启明@9miao qi ming@4著
801  0 @aCN@b上海新华@c20180901
905    @b1159462-6@dA811.21@e332@f5
    
    《巴黎手稿》开创的人类学哲学及其后续发展=Anthropology philosophy pioneered by paris manuscripts and its subsequent development/苗启明著.-北京:中国社会科学出版社,2017
    336页;24cm
    国家社科基金后期资助项目
    
    ISBN 978-7-5161-9887-2:CNY82.00
    本书以作者提出的对马克思哲学的人类学哲学的新理解解读《巴黎手稿》。以《巴黎手稿》为中心,对马克思一生的人类学哲学思想做了系统梳理,认为《巴黎手稿》在黑格尔和费尔巴哈哲学的基础上构建了人类学哲学的一系列原理,而此后的文献发展了人类学哲学的基本理论。并站在人类学价值立场上,从经济学与人类学的双重理论视野出发,研究了人和人类世界的现实迫切问题和历史基本问题,提出了人类学共产主义的解决方向。
●
相关链接 在E读中查询图书 在五车中查询图书 在当当中查询图书 在豆瓣中查询图书


正题名:《巴黎手稿》开创的人类学哲学及其后续发展     索取号:A811.21/332         预约/预借

序号 登录号 条形码 馆藏地/架位号 状态 备注
1 1159462   211594620   第一样本阅览室/ [索取号:A811.21/332] 在馆    
2 1159463   211594639   第一借阅区/ [索取号:A811.21/332] 在馆    
3 1159464   211594648   第一借阅区/ [索取号:A811.21/332] 在馆    
4 1159465   211594657   第一借阅区/ [索取号:A811.21/332] 在馆    
5 1159466   211594666   第一借阅区/ [索取号:A811.21/332] 在馆    
唐山师范学院图书馆 欢迎您!
大连网信软件有限公司© 版权所有